| 000 | 01013nam a2200265 a 4500 | ||
|---|---|---|---|
| 001 | 000025560 | ||
| 005 | 20200930023858.0 | ||
| 008 | 110217s1988 sp r 000 0 spa d | ||
| 020 | _a8420602221 | ||
| 040 |
_aDO-SdBNP _bspa _cBNPHU |
||
| 041 | 1 | 7 |
_aspa _heng _2Código de idioma MARC |
| 082 |
_aNNN _bH313c |
||
| 100 | 1 |
_aHarris, Marvin, _d1927-2001. _948795 |
|
| 240 | 1 | 0 |
_aCannibals and kings. The originis of cultures. _lEspanol. |
| 245 | 1 | 0 |
_aCaníbales y reyes : _blos orígenes de las culturas / _cMarvin Harris ; traductor Horacio González Trejo. |
| 260 |
_aMadrid : _bAlianza, _c1988. |
||
| 300 |
_a293 p. ; _c18 cm. |
||
| 490 | 1 |
_aEl libro de bolsillo _ahumanidades _v1222 |
|
| 500 | _aprimera reimpresión de la primera edición 1987 | ||
| 504 | _aIncluye bibliografía (p. 275-292) | ||
| 534 |
_aTítulo original: _tCannibals and kings. The originis of cultures. |
||
| 700 | 1 |
_aGonzález Trejo, Horacio, _etr. _911974 |
|
| 830 | 0 |
_aEl libro de bolsillo ; _phumanidades _v1222 _98845 |
|
| 049 | _aBNGR | ||
| 999 |
_c25052 _d25052 |
||